00421nam a2200169Ia 450000500170000000800410001702000130005804000190007104100120009008200110010210000180011324500450013126000300017630000120020665000230021885000100024120230915100757.0131103s9999 xx 000 0 und d a99329409 aLoreto College aEnglish aFbMAT aMatthews,John 4aThe Crescents of the mooncJohn Matthews aLondonbArrow Booksc1984 a432 p.  aFiction in English aLCLIB